<?xml version="1.0" encoding="UTF-8"?>
<record
    xmlns:xsi="http://www.w3.org/2001/XMLSchema-instance"
    xsi:schemaLocation="http://www.loc.gov/MARC21/slim http://www.loc.gov/standards/marcxml/schema/MARC21slim.xsd"
    xmlns="http://www.loc.gov/MARC21/slim">

  <leader>01418nam a22002057a 4500</leader>
  <controlfield tag="003">OSt</controlfield>
  <controlfield tag="005">20241018103338.0</controlfield>
  <controlfield tag="008">241018s2022    ag ||||| |||| 00| 0 spa d</controlfield>
  <datafield tag="020" ind1=" " ind2=" ">
    <subfield code="a">9789877389258</subfield>
  </datafield>
  <datafield tag="040" ind1=" " ind2=" ">
    <subfield code="c">besoc</subfield>
  </datafield>
  <datafield tag="100" ind1="1" ind2=" ">
    <subfield code="a">Sacheri, Eduardo, </subfield>
    <subfield code="d">1967-</subfield>
    <subfield code="e">autor</subfield>
  </datafield>
  <datafield tag="245" ind1="1" ind2="4">
    <subfield code="a">Los d&#xED;as de la revoluci&#xF3;n :</subfield>
    <subfield code="b">Una historia de Argentina cuando no era Argentina (1806-1820) /</subfield>
    <subfield code="c">Eduardo Sacheri</subfield>
  </datafield>
  <datafield tag="260" ind1=" " ind2=" ">
    <subfield code="a">Buenos Aires :</subfield>
    <subfield code="b">Alfaguara,</subfield>
    <subfield code="c">2022</subfield>
  </datafield>
  <datafield tag="300" ind1=" " ind2=" ">
    <subfield code="a">287 p.</subfield>
  </datafield>
  <datafield tag="505" ind1="0" ind2=" ">
    <subfield code="a">Contiene: Primer acto: C&#xF3;mo construir un imperio -- 1. El siglo XV: Europa pasa a la ofensiva -- 2. La construcci&#xF3;n del Imperio Espa&#xF1;ol -- 3. Las reformas borb&#xF3;nicas -- 4. El Virreinato del R&#xED;o de la Plata -- Segundo acto: Los d&#xED;as de la Revoluci&#xF3;n -- 5. Francia y Napole&#xF3;n -- 6. Las Invasiones Inglesas -- 7. La crisis de Espa&#xF1;a en 1808 -- 8. El R&#xED;o de la Plata en v&#xED;speras de la Revoluci&#xF3;n -- 9. Los d&#xED;as de Mayo -- Tercer acto: Errante en las sombras -- 10. La soledad de la Revoluci&#xF3;n -- 11. La nueva definici&#xF3;n del poder -- 12. La guerra y el ej&#xE9;rcito -- 13. Los frentes de la guerra -- 14. La evoluci&#xF3;n de la pol&#xED;tica -- 15. Sociedad y econom&#xED;a de guerra -- 16. El derrumbe de 1820.</subfield>
  </datafield>
  <datafield tag="650" ind1=" " ind2="4">
    <subfield code="a">Argentina </subfield>
    <subfield code="x">Historia</subfield>
    <subfield code="y">1810, Revoluci&#xF3;n de Mayo</subfield>
  </datafield>
  <datafield tag="650" ind1=" " ind2="4">
    <subfield code="a">Argentina</subfield>
    <subfield code="x">Historia</subfield>
    <subfield code="y">1810-1816, Guerras de Independencia</subfield>
  </datafield>
  <datafield tag="650" ind1=" " ind2="4">
    <subfield code="a">Argentina</subfield>
    <subfield code="x">Historia</subfield>
    <subfield code="y">1776-1816, Virreinato del R&#xED;o de la Plata</subfield>
  </datafield>
  <datafield tag="942" ind1=" " ind2=" ">
    <subfield code="2">udc</subfield>
    <subfield code="c">OG</subfield>
    <subfield code="n">0</subfield>
  </datafield>
  <datafield tag="999" ind1=" " ind2=" ">
    <subfield code="c">362</subfield>
    <subfield code="d">362</subfield>
  </datafield>
  <datafield tag="952" ind1=" " ind2=" ">
    <subfield code="0">0</subfield>
    <subfield code="1">0</subfield>
    <subfield code="2">udc</subfield>
    <subfield code="4">0</subfield>
    <subfield code="7">0</subfield>
    <subfield code="8">CG</subfield>
    <subfield code="a">ESOCIALES</subfield>
    <subfield code="b">ESOCIALES</subfield>
    <subfield code="d">2024-10-18</subfield>
    <subfield code="l">1</subfield>
    <subfield code="o">94(82)"18" SA121</subfield>
    <subfield code="p">001268</subfield>
    <subfield code="q">2026-07-27</subfield>
    <subfield code="r">2026-06-23 12:47:25</subfield>
    <subfield code="s">2026-06-23</subfield>
    <subfield code="w">2024-10-18</subfield>
    <subfield code="y">OG</subfield>
  </datafield>
</record>
